000 00660nam a2200277Ia 4500
005 20260324134308.0
008 008 260324s9999 xx 000 0 eng d
020 _a9781315260631
037 _aEBOOK
040 _aCRL
040 _beng
040 _cCRL
041 _2eng
041 _aeng
084 _qCRL
100 _aClaire S. Schen
_91196286
245 0 _aCharity and Lay Piety in Reformation London, 1500–1620
260 _bTaylor and Francis
260 _c2002
365 _a
365 _b230
856 _uhttp://www.taylorfrancis.com/books/9781315260631
942 _cEBOOK
999 _c1796220
_d1796220